[Event "Stepanakert-A"]
[Site "Stepanakert"]
[Date "2005.10.04"]
[Round "3"]
[White "Ivanchuk, Vassily"]
[Black "Aronian, Levon"]
[Result "1-0"]
[WhiteElo "2748"]
[BlackElo "2724"]
[Annotator "Erenburg,S"]
[PlyCount "79"]
[EventDate "2005.10.02"]
[EventType "tourn"]
[EventRounds "9"]
[EventCountry "ARM"]
[EventCategory "17"]
[SourceTitle "CBM 110"]
[Source "ChessBase"]
[SourceDate "2006.01.31"]
[SourceVersion "1"]
[SourceVersionDate "2006.01.31"]
[SourceQuality "1"]

{[%mdl 2048]} 1. e4 e5 2. Nf3 Nc6 3. Bb5 a6 4. Ba4 Nf6 5. d3 d6 {transforming
to the Anti-Berlin variation with the moves a6 Ba4 already played . Black is
threatening to eliminate White's light-squared bishop by b7-b5 with the
following Na5.} (5... b5 6. Bb3 Be7 7. c3 O-O 8. Nbd2 d5 9. O-O Bb7 10. Re1
dxe4 11. dxe4 Bc5 12. h3 (12. Qe2 Ng4 13. Rf1 Nf6 14. Bc2 Qd7 15. b4 Bb6 16. a4
$14 {1-0 Novik,M-Zavlin,K/St Petersburg 1992/ (44)}) 12... Nh5 $6 {Bacrot has
been carried away by optimism, that his position already allows active
operations. It was better to finish the development with balanced chances.} (
12... Qe7 13. Qe2 b4 14. Bc2 a5 15. Qb5 Rfb8 16. Nb3 Bd6 17. Bg5 a4 18. Nbd2 a3
19. Bxf6 Qxf6 20. bxa3 bxc3 21. Nb3 Bxa3 22. Nc5 Ra5 {0-1 Nielsen,P-Rorvik,J/
Copenhagen 2003/ (22)}) 13. Bd5 Qf6 (13... Nf6 14. Bxc6 (14. Nb3 Bd6 15. Bg5 h6
16. Bh4 Qe7 $14) 14... Bxc6 15. Nxe5 Bxe4 (15... Bb7 16. Qc2 Re8 17. Nef3 $14)
16. Nxe4 Qxd1 17. Nxf6+ gxf6 18. Rxd1 fxe5 19. Rd5 Bd6 20. Be3 Rad8 21. Rad1
$14) 14. a4 $1 Nf4 (14... Bb6 15. Nb3 Nf4 16. Bxf4 Qxf4 17. axb5 axb5 18. Qd3
$14) 15. Nb3 Bb6 (15... Nxd5 $2 16. Nxc5 $18) 16. Bxf4 $14 {1-0 Morozevich,
A-Bacrot,E/Biel 2004/CBM 102/[Ftacnik] (30)}) 6. c3 {preparing the square c2
for the light-squared bishop, as well as adding the option d3-d4.} Bd7 (6... g6
{A normal plan for Black in the Ruy Lopez is Be7-Re8-Bf8-g6-Bg7, so Akopian
decides to do it right away.} 7. Nbd2 Bg7 8. O-O O-O 9. Re1 b5 (9... Nd7 {
is another common plan, trying to force the bishop to commit itself, without
weakening the queenside pawn structure.} 10. Nf1 Nc5 11. Bxc6 bxc6 12. d4 $14 {
was the continuation in many games, and White has an edge.}) 10. Bc2 d5 11. a4
{hitting the queenside pawn structure, a very common theme in the Ruy Lopez.
Despite the fact that at a first glance Black controls more space and has a
freer game, the truth is that it is White who is fighting for the advantage.
White has easier play on the queenside, and his pieces are coordinated better.}
Rb8 12. b4 {Clinching more space on the queenside. White has a nice edge here.}
dxe4 (12... Be6 {was perhaps more natural though.} 13. Nb3 {[%csl Rc5][%cal
Gb3c5]} d4 14. axb5 axb5 15. Bb2 $14) 13. dxe4 Nh5 {Black's trying to create
some type of counterplay on the other wing, but it seems quite unsuccessful.
On the other hand it is not quite clear what he can do about his weaknesses on
the queenside. At least now he is trying to open the a1-h8 diagonal for his
bishop, by trying to force White to exchange on f4.} 14. Nb3 {Logical, the N
is screaming to get to c5.} Nf4 15. Be3 {White decides that it is not
important to exchange the knight for now, and leaves it alone.} Qf6 16. Bxf4 $1
{A very nice switch. Black would prefer to take back with the e-pawn, but this
basically leads him to a strategically lost game right now.} exf4 $6 (16...
Qxf4 {This was forced and Black is still not much worse.} 17. Nc5 Rd8 18. Qe2
Bf8 19. Nd3 $14 {and White still has some initiative.}) 17. e5 $1 {the "weak"
e-pawn will take care of shutting the bishop out of play.} Qe7 18. Nbd4 Nxd4
19. Nxd4 {White will keep his e-pawn alive by pure tactical means, but it
proves to be sufficient!} Bb7 20. axb5 axb5 21. Ra7 $1 {The rook is very
strong here, Morozevich must have foreseen the following sequence.} Rfe8 22.
Bb3 $1 {Very energetic! White is willing to sacrifice an exchange to open up
the opponents king, and cut off his coordination.} Bxe5 $6 {This basically
loses by force, but the alternative was also rather gloomy.} (22... Qg5 $2 23.
Rxb7 $1 Rxb7 24. e6 {And it transpires that Black has no defence! An
incredible position.} f5 (24... fxe6 25. Nxe6 {Is quite obviously lost for
black.}) (24... Kh8 25. exf7 Rf8 26. Ne6 {Is of course winning.}) 25. e7+ Kh8
26. Nc6 $1 $18 {Domination. Black has no adequate defense against all of
whites threats (Qd8, Qd7, Bf7, Nd8 just to name a few)}) (22... Kh8 {Oh such a
sad move, but what else was there?} 23. e6 fxe6 24. Rxe6 $16 {With a clear
white advantage.}) 23. Rxb7 $1 Rxb7 24. Nc6 Qd6 25. Qd5 $1 $18 {1-0 Morozevich,
A-Akopian,V/Mallorca 2004/CBM 104/[Ramirez Alvarez] (42) The key move, Black
has no way to save his bishop on e5, and is forced into a lost endgame.}) 7.
Nbd2 {looks more flexible, than an immediate castle. White will bring the
queenside knight to g3 via f1 with following castle. The point is that White
can save the Re1 tempo.} (7. O-O g6 8. Re1 Bg7 9. Nbd2 O-O 10. Nf1 Re8 11. Bg5
h6 12. Bh4 Qc8 13. Ne3 Nd8 14. Bc2 Ne6 15. Bxf6 Bxf6 16. Nd5 Bg7 17. d4 Qd8 18.
dxe5 dxe5 19. Qd2 c6 20. Ne3 Nf4 21. Rad1 Be6 $11 {1/2-1/2 Asrian,K-Beliavsky,
A/Warsaw POL 2005/The Week in Chess 556 (41)}) 7... g6 8. Nf1 Bg7 {continuing
with normal development.} (8... Nh5 $5 {[%cal Yf7f5,Yh5f4] An interesting idea
championed by Mihai Marin. Black starts actions on the K-side in the early
opening phase. The motivation is that it's the last chance to play Nh5 before
White gets to play Ng3. Long term Black wants to attack with f5.} 9. Bg5 (9.
Ng3 Nf4 10. O-O (10. Bxf4 $6 {Taking takes White nowhere.} exf4 11. Ne2 Bh6 (
11... g5 12. d4 b5 13. Bc2 g4 14. Nd2 Bh6 15. Bd3 Qf6 $36 {0-1 Maka,M-Liwak,P/
Rowy 1998/EXT 2000 (49)}) 12. d4 Qe7 13. Bc2 O-O 14. O-O Kh8 15. Re1 g5 $40 {
0-1 Saltaev,M-Volzhin,A/Volgograd 1994/CBM 41 (35)}) 10... Bg7 11. d4 (11. Ne2
Nxe2+ 12. Qxe2 O-O 13. Bg5 Qe8 14. Qd2 f5 $15 {0-1 Stoma,P-Pinski,J/Kazimierz
Dolny 2001/CBM 81 ext (46)}) (11. Be3 O-O 12. d4 (12. Qd2 Qf6 13. d4 Rad8 14.
Ne1 h5 15. Nd3 Bh6 $15 {0-1 Stefanov,P-Marin,M/Predeal 1988/EXT 97 (47)}) 12...
b5 13. Bc2 h5 14. d5 Na5 15. b3 Qf6 16. Ne1 c5 $15 {0-1 Reyes,J-Marin,M/
Thessaloniki 1988/TD (27)}) 11... b5 12. Bb3 O-O 13. Be3 Qf6 14. dxe5 Nxe5 15.
Nxe5 Qxe5 16. Qd2 $13 {1-0 Lopez Martinez,J-Marin,M/Andorra 2001/CBM 83 ext 
(29)}) (9. d4 Bg7 10. dxe5 dxe5 11. Ne3 Nf4 12. O-O O-O 13. Nd5 Ne6 14. b4 f5
15. Bb3 Kh8 16. Qe2 f4 $40 {0-1 Simon,E-Marin,M/Manresa 1993/EXT 97 (31)}) 9...
f6 10. Be3 Nf4 11. Bxf4 {White gets the centre, but I think Black's P's on the
K-side are more valuable.} exf4 12. g3 $6 {A strategical mistake softening
White where he should be defending.} (12. d4 $142 {[%cal Yf3d4,Gd4d5] if
allowed White can proceed with d5 and Nd4.} b5 13. Bc2 $13) 12... Bh6 $1 {
[%csl Rf3]} (12... fxg3 $6 13. hxg3 $14 {[%cal Yf1e3]}) 13. gxf4 (13. Qd2 Ne5
$1 $17) (13. d4 $142) 13... Bxf4 14. Nd4 O-O 15. Nxc6 bxc6 16. Qf3 Bh6 17. Ne3
f5 $36 {0-1 Gallagher,J-Sasikiran,K/Hastings 2002/CBM 087/[Wedberg] (39) White
is already defending.}) 9. Ng3 O-O 10. O-O Re8 11. Re1 {strengthening the
centre, thus, preparing to carry out d3-d4.} ({The development of dark-squared
bishop to e3 is one of the options, but it robs White the possibility to play
d3-d4.} 11. h3 h6 12. Be3 d5 13. b4 Na7 14. Bb3 Bc6 15. Qc2 Nb5 16. Rad1 Nd6
17. c4 d4 18. Bc1 Bd7 19. a4 c5 20. bxc5 Nc8 21. c6 Bxc6 22. c5 Bd7 23. Nd2 Qc7
24. Ba3 Be6 25. Rb1 $14 {0-1 Hort,V-Torre,E/La Valetta 1980/EXT 2000 (49)})
11... Qe7 12. h3 {covering the square g4, preventing a pin along the h5-d1
diagonal.} Qf8 $146 {The idea of this move is to change the dark-squared
bishops with Bg7-h6, as well as it liberates the e7 square for the queenside
knight, in case of white's d4-d5. It should be noted, that Black's queen has
liberated the e-file for the rook, thus, making the pressure on White's pawn
on e4 more effective.} ({In the preceding game Black continued} 12... Na5 13.
d4 exd4 14. cxd4 Bxa4 15. Qxa4 Nc6 16. Bd2 Nd7 17. Qc4 Nb6 18. Qd3 Qf8 19. d5 (
19. Rac1 $14) 19... Ne5 20. Nxe5 Bxe5 21. Rac1 $14 {1-0 Cherniaev,A-Flear,G/
Port Erin 2001/CBM 084 ext (47)}) 13. d4 Rad8 {centralizing all the pieces.} (
13... Bh6 14. d5 Ne7 15. c4 $14) 14. Bd2 {preparing to add the queen's rook to
the game from the square c1.} Kh8 {A prophylactic move. One of Black's
possible plans in this position should be carrying out the breakthrough f7-f5.
That's why Black liberates the square g8 for the king's knight.} (14... Bh6 $5
15. Rc1 (15. d5 Nb8 {[%cal Yb8d7]} 16. Rc1 Bxd2 17. Nxd2 Qh6) 15... Bxd2 16.
Qxd2 $14 Nxd4 $141 $2 17. cxd4 Bxa4 18. Rxc7 Rd7 19. Rcc1 $16 {[%cal Rd2a5,
Gb2b3,Ya2a4]}) 15. Rc1 $14 {White is slightly better, thanks to space
advantage. His plan should be connected with advance of queenside pawns.} b5 $6
{This move weakens black's queenside too much.} (15... Ng8 16. d5 Nb8 17. c4 f5
18. exf5 gxf5 19. Bxd7 (19. Ng5 c6 20. Bc2 $14) 19... Nxd7 20. Ng5 $16) ({
I would recommend} 15... Bh6 $14 {trading the dark-squared bishops.}) 16. Bc2 {
transfering the bishop to d3.} Na5 17. Bd3 {covering the spot c4.} Nb7 (17...
c5 {is met by} 18. b4 c4 19. bxa5 cxd3 20. Bg5 $16) 18. b4 $1 $16 {White's
advantage is obvious here, due to Black's passive knight on b7.} a5 {Levon
decides to open the a-file for the rooks.} (18... c6 19. a4 $16) 19. c4 $1 {
attacking Black's pawns on the queenside, thus, winning a pawn.} bxc4 (19...
axb4 20. cxb5 Rc8 21. Bxb4 $18) 20. Rxc4 c6 (20... Bb5 {doesn't change the
evaluation of the position.} 21. Rxc7 Bxd3 22. Rxb7 $16) 21. bxa5 Ra8 (21...
exd4 22. Rxd4 Ra8 23. Bc4 $1 Be6 (23... Nxa5 24. Bxa5 Rxa5 25. Rxd6 $18) 24.
Bxe6 Rxe6 25. Qc2 Nxa5 26. Ra4 $16) 22. dxe5 dxe5 23. Qc2 $1 {[%cal Ye1b1]
liberating the first rank for the other rook.} Nxa5 24. Bb4 $1 {forcing
Black's queen to move to very passive position.} Qg8 (24... c5 25. Bxc5 (25.
Rxc5 Nc6 26. Bd2 Rxa2 27. Qxa2 Qxc5 28. Ng5 $16) 25... Qg8 26. Rc3 $16) 25. Rc5
{attacking the knight and Black's central pawn e5 at the same time.} Nb7 26.
Rxe5 c5 27. Bc3 ({Maybe} 27. Rxe8 {was simplier:} Qxe8 28. Bd2 $16 {/+-}) 27...
Be6 28. Bb5 Rec8 $6 ({The best chance was} 28... Red8 29. a4 Nd7 30. Rxe6 (30.
Bxd7 Rxd7 $13) 30... fxe6 31. e5 $16 {[%cal Yg3e4]}) 29. a4 $18 {White is a
pawn up and his pieces are located much better. Therefore, Black's position is
lost.} Nd6 (29... Nd7 30. Rxe6 $18) 30. Bf1 Nfe8 31. Rxc5 Nb7 (31... Rxc5 {
leads to a lost position as well:} 32. Bxg7+ Kxg7 (32... Qxg7 33. Qxc5 Rxa4 34.
e5 Nf5 35. Qc6 $18) 33. Qxc5 Rxa4 34. Ng5 $18) 32. Rxc8 Rxc8 33. Re3 {Now
White has already two extra pawns.} (33. e5 $18 {wins as well.}) 33... Ned6 34.
Qb2 Na5 35. Ng5 Ndb7 (35... Nac4 {doesn't change anything:} 36. Bxg7+ Qxg7 37.
Qxg7+ Kxg7 38. Rd3 $18) 36. Nxe6 fxe6 37. e5 {getiing the square e4 for the
knight.} Qd8 38. Ne4 Qd1 39. Nd6 Rc7 (39... Rb8 40. Bxa5 $18) (39... Rf8 40.
Rd3 (40. Nxb7 Nc4) 40... Qxa4 41. Nxb7 $18) 40. Bxa5 1-0

[Event "Interzonal-16"]
[Site "Biel"]
[Date "1993.??.??"]
[Round "10"]
[White "Dvoirys, Semen I"]
[Black "Arencibia Rodriguez, Walter"]
[Result "1/2-1/2"]
[WhiteElo "2590"]
[BlackElo "2485"]
[Annotator "Ernst,T"]
[PlyCount "101"]
[EventDate "1993.07.16"]
[EventType "swiss"]
[EventRounds "13"]
[EventCountry "SUI"]
[SourceTitle "CBM 037"]
[Source "ChessBase"]
[SourceDate "1993.12.01"]
[SourceVersion "1"]
[SourceVersionDate "1993.12.01"]
[SourceQuality "1"]

1. e4 e5 2. Nf3 Nc6 3. Bb5 a6 4. Ba4 Nf6 5. O-O Be7 6. d3 d6 7. c3 O-O 8. Nbd2
Nd7 9. Bc2 Nb6 10. a4 a5 11. d4 $5 (11. Nc4) 11... exd4 12. Nxd4 $1 (12. cxd4
Bg4 13. h3 Bh5 14. d5 Nb4 15. Bb1 c6 16. dxc6 Nxc6 $10) 12... Nxd4 13. cxd4 Bf6
$2 (13... d5 $142 14. e5 f5 15. f4 $14) 14. Nf3 Bg4 15. Ra3 Re8 (15... d5 $16
16. h3 Be6 (16... Bh5 17. e5 Be7 18. Bxh7+ $1 Kxh7 19. Ng5+ Bxg5 20. Qxh5+ Bh6
21. Rg3 Rg8 22. Bxh6 gxh6 23. Qxf7+ Kh8 24. Rxg8+ Qxg8 25. Qxc7 $16) (16...
Bxf3 17. Rxf3 dxe4 18. Bxe4 c6 19. Qc2 g6 20. Rb3 Re8 21. Be3 $16 {><b7, Nb6})
17. e5 Be7 18. Ng5 $1 Bxg5 19. Qh5 g6 (19... h6 20. f4 $16 {->}) 20. Qxg5 Qxg5
21. Bxg5 $16) 16. h3 Bh5 17. Re1 d5 $2 (17... h6 $142) 18. e5 Be7 19. Bxh7+ $1
Kxh7 20. Ng5+ Bxg5 21. Qxh5+ Bh6 22. Bxh6 gxh6 23. Qxf7+ Kh8 24. Rg3 Rg8 25.
Rxg8+ Qxg8 26. Qxc7 $16 Nc4 27. e6 Qg7 28. e7 Rg8 29. g3 Nd2 30. Re6 Nf3+ 31.
Kg2 Ng5 32. Re3 Ne4 33. Qd7 Nf6 34. Qxb7 Re8 35. Qc7 Ng8 36. Qc6 Rxe7 37. Qxd5
Rxe3 38. fxe3 Qc7 39. Kf3 $2 (39. Qe5+ $1 Qxe5 40. dxe5 Ne7 41. Kf3 Kg7 42. Ke4
Kf7 43. Kd4 Nf5+ 44. Kc5 Nxg3 45. Kb5 Nf1 46. Kxa5 Nxe3 47. Kb5 Ke6 48. a5 $18)
39... Nf6 40. Qe6 Kg7 $10 41. b3 Qc2 42. Qc4 Qe4+ 43. Kf2 Qf5+ 44. Ke2 Qxh3 45.
Qc7+ Kg6 46. Qxa5 Qxg3 47. Qa8 Qh2+ 48. Kf1 Ng4 49. Qg2 Qxg2+ 50. Kxg2 Nxe3+
51. Kf3 1/2-1/2

[Event "EU-ch 6th"]
[Site "Warsaw"]
[Date "2005.06.18"]
[Round "1"]
[White "Sargissian, Gabriel"]
[Black "Grabarczyk, Miroslaw"]
[Result "1-0"]
[WhiteElo "2630"]
[BlackElo "2487"]
[Annotator "Finkel,A"]
[PlyCount "163"]
[EventDate "2005.06.18"]
[EventType "swiss"]
[EventRounds "13"]
[EventCountry "POL"]
[SourceTitle "CBM 108"]
[Source "ChessBase"]
[SourceDate "2005.09.26"]
[SourceVersion "1"]
[SourceVersionDate "2005.09.26"]
[SourceQuality "1"]

1. e4 e5 2. Nf3 Nc6 3. Bb5 Nf6 4. d3 d6 5. c3 a6 6. Ba4 g6 7. O-O Bg7 8. Re1
O-O 9. Nbd2 Qe7 (9... b5) (9... Nd7) 10. Nf1 Nd8 (10... Be6 11. Ng3 b5 12. Bc2
Rad8 13. Bg5 $6 (13. d4) 13... h6 14. Bd2 d5 15. Qc1 dxe4 16. dxe4 Kh7 17. h3
Nd7 18. Nf1 Nc5 $15 {Globus,S-Freiman,S/Vilnius 1909}) 11. Bc2 Nh5 (11... Ne6
12. d4 Nh5 13. Ng3 Nef4 14. Be3 Bg4 15. h3 Be6 16. Nxh5 Nxh5 17. Qd2 $14 {
Domsgen Hoelzlein,C-Boettcher,I/Stralsund 1975}) (11... Re8 12. d4 Kh8 13. a4
a5 14. b3 Ng8 15. dxe5 dxe5 16. Ne3 f6 17. Bd3 Be6 $11 {Salazar,J-Franco,W/
Medellin 2000}) 12. d4 Bg4 $6 (12... Ne6) 13. Ne3 Bxf3 14. Qxf3 Ne6 15. Nf5 (
15. Nd5 Qd8 16. dxe5 Bxe5 17. Be3 Bg7 18. Rad1 $14) 15... Qf6 16. d5 Ng5 $6 (
16... Nc5 17. b4 Nd7 18. a4 a5 19. Bd2 $14) 17. Qg4 $16 gxf5 (17... Nf4 18.
Bxf4 exf4 19. Nxg7 Kxg7 20. h4 $18) 18. Qxh5 Nxe4 19. f3 Nc5 20. Bxf5 h6 21.
Be3 c6 22. Rad1 cxd5 23. Rxd5 Rad8 24. Red1 (24. f4 $5 Ne6 25. Rf1 Kh8 26. fxe5
dxe5 27. Rxd8 Nxd8 28. Be4 Qe6 29. g4 $16) 24... Ne6 25. Qg4 (25. Rxd6 $4 Nf4
$1 $17 26. Rxf6 $140 Rxd1+ 27. Kf2 Nxh5 $19) 25... Nc7 26. R5d2 d5 27. f4 $1
$18 Ne6 (27... e4 $2 28. Bd4 $18) 28. fxe5 Qxe5 29. Bxh6 Rd6 30. Rf1 Rb6 31.
Re2 Qc7 32. Be3 $6 (32. Rxe6 $1 fxe6 33. Bxe6+ Kh7 34. Rxf8 $18) 32... Rc6 33.
Ref2 Re8 34. Bb1 Nf8 35. Bd4 Ng6 36. Bxg7 Kxg7 37. Qd4+ Kg8 38. Qxd5 Re7 39.
Rd2 Kg7 40. Qd8 (40. Bxg6 $5) 40... Qxd8 41. Rxd8 Ne5 42. Be4 Rb6 43. b3 Ng4
44. Bf3 Ne5 45. Rd2 Rf6 46. Bd1 Rc6 47. c4 b5 48. cxb5 axb5 49. Be2 (49. a4 $5)
49... b4 50. Rf4 Rb6 51. Re4 f5 52. Red4 Kf6 53. Kf2 Rb8 54. Rd6+ Re6 55. h3
Ra8 56. R6d4 Rb8 57. Rc2 Re7 58. Rc5 Ra8 59. Rc2 Rb8 60. Bf3 Rb6 61. Re2 Ra6
62. Red2 Rb6 63. Rd6+ Re6 64. Rxb6 Rxb6 65. Ke3 Re6 66. Kf2 Ra6 67. Bd5 f4 68.
g3 Kf5 69. Bb7 fxg3+ 70. Kxg3 Rg6+ 71. Kf2 Rg7 72. Bf3 Rh7 (72... Rc7 $5 {
[%cal Gc7c3]}) 73. Bg2 Re7 74. Rd4 Ra7 75. Be4+ Ke6 76. Rd2 Rc7 77. Bd5+ Kf5
78. Ke3 Rc1 (78... Rc3+ 79. Kd4 Rxh3 80. Rf2+ $18) 79. Kd4 Nd7 80. Bc4 Kf6 81.
Kd5 Rc3 82. Kd6 1-0

[Event "EU-ch 6th"]
[Site "Warsaw"]
[Date "2005.06.28"]
[Round "10"]
[White "Iordachescu, Viorel"]
[Black "Krasenkow, Michal"]
[Result "1/2-1/2"]
[WhiteElo "2609"]
[BlackElo "2672"]
[Annotator "Finkel,A"]
[PlyCount "78"]
[EventDate "2005.06.18"]
[EventType "swiss"]
[EventRounds "13"]
[EventCountry "POL"]
[SourceTitle "CBM 108"]
[Source "ChessBase"]
[SourceDate "2005.09.26"]
[SourceVersion "1"]
[SourceVersionDate "2005.09.26"]
[SourceQuality "1"]

1. e4 e5 2. Nf3 Nc6 3. Bb5 a6 4. Ba4 Nf6 5. d3 d6 6. c3 g6 7. O-O Bg7 8. Re1
O-O 9. Bg5 h6 10. Bh4 Qe8 (10... Bd7 11. Nbd2 Qe8 12. Nf1 Nh5 (12... Nd4 13.
Bxd7 Nxf3+ 14. Qxf3 Nxd7 15. Ne3 c6 $11 {Ilyin Zhenevsky,A-Alekhine,A/Moscow
1920}) (12... Rc8 13. Ne3 Kh8 14. Bc2 Ng8 15. d4 f5 16. exf5 gxf5 17. dxe5 dxe5
$15 {Movsziszian,K-Marin,M/Benasque 2005}) 13. Bc2 Bg4 (13... f5 14. exf5 gxf5
15. d4 e4 16. d5 Ne5 17. Nxe5 Bxe5 18. Ne3 Qg6 $13 {Hernandez,G-Pinter,J/Port
Barcares 2005}) 14. Ne3 Qd7 15. h3 Bxf3 16. Qxf3 Nf4 17. Rad1 Rae8 18. d4 $14 {
Del Rio Angelis,S-Korneev,O/Dos Hermanas 2004}) (10... g5 11. Bg3 Nh5 (11...
Bg4 12. h3 Bh5 13. Nbd2 Nd7 14. Qb1 Nc5 15. Bd1 Bg6 16. b4 Ne6 17. Bb3 Kh7 $13
{Matulovic,M-Karaklajic,N/Skopje 1956}) 12. Nxe5 Nxe5 13. Bxe5 dxe5 14. Qxh5
Qxd3 15. Na3 Qd2 16. Nc4 Qf4 17. Bd1 $14 {Movsziszian,K-Korneev,O/La Roda 2005}
) (10... b5 11. Bc2 Re8 (11... Qd7 12. Nbd2 Nh5 13. Nf1 Bb7 14. Ne3 Rae8 15. a4
Nf4 16. axb5 axb5 17. Bg3 Ne6 18. Nh4 Ne7 19. Ra7 Ra8 20. Rxa8 Bxa8 $11 {
Asrian,K-Khmelniker,I/Warsaw 2005}) 12. Nbd2 Bb7 13. a3 Qd7 14. Nf1 d5 15. Qd2
dxe4 16. dxe4 $14 {Smyslov,V-Jenni,F/Zuerich 1998}) 11. Nbd2 (11. d4 b5 12. Bc2
exd4 13. Nxd4 Bb7 14. Nd2 Qe5 15. N2f3 Qh5 16. Bg3 Rae8 $132 {Cabrilo,
G-Sokolov,I/Niksic 1991}) 11... Nd7 {[%cal Gf7f5]} 12. Bg3 (12. Bxc6 bxc6 13.
d4 c5 $5 14. dxe5 Nxe5 15. Nxe5 Qxe5 16. Bg3 Qe6 17. Nf3 Bb7 $13) 12... f5 $5
13. exf5 gxf5 14. d4 e4 (14... Qg6 $6 15. Nh4 Qf6 16. Bb3+ Kh8 (16... Kh7 $2
17. Nxf5 $1) 17. Qh5 Kh7 18. f4 e4 19. Rxe4 $1 $18) (14... f4 15. Bh4 $14 {
[%cal Gd2e4,Ga4c2,Gd1d3]}) 15. Nh4 Nb6 16. Bb3+ Kh8 (16... d5 $2 17. Bxc7 $18)
17. f3 f4 $1 {[%csl Rh4]} (17... e3 18. f4 $16 {[%csl Re3]}) 18. Rxe4 Qh5 19.
Bf2 d5 20. Re2 {[%cal Gd1e1]} Bf6 21. Qe1 Bd7 22. Bc2 $6 (22. g4 $1 fxg3 23.
Bxg3 Rg8 24. Ng2 $14) 22... Rg8 23. Kh1 Rg7 24. g4 (24. b3 Rag8 25. g4 fxg3 26.
hxg3 Bxh4 27. gxh4 Bh3 $36) 24... fxg3 25. Bxg3 Nc4 $6 (25... Rag8 $36) 26. Ng2
$1 (26. Qf2 Nxd2 27. Rxd2 Bg5 28. f4 Bxh4 29. Bxh4 Bg4 30. Rf1 Rf8 $44) 26...
Nxd2 27. Rxd2 Rag8 28. Kg1 Ne7 29. Nf4 (29. Bxc7 $5 Nf5 (29... Qh3 $6 30. Bg3
h5 31. Nf4 Rxg3+ 32. hxg3 Rxg3+ 33. Rg2 Rxg2+ 34. Nxg2 $18) 30. Bxf5 Qxf3 (
30... Qxf5 31. Bg3) 31. Bg3 Qxf5 32. Rf2 $16) 29... Qxf3 30. Qf2 Qxf2+ $11 (
30... Qg4) 31. Rxf2 Bh4 32. Ne2 Bxg3 33. Nxg3 Be8 34. Re1 Bg6 35. Bxg6 Nxg6 36.
Rf6 Kh7 37. Kf2 Rf8 38. Rxf8 Nxf8 39. Re8 Rf7+ 1/2-1/2